| 000 | 00850nas a2200277 4500 | ||
|---|---|---|---|
| 001 | BR9601340 | ||
| 003 | BR-BrBNA | ||
| 005 | 20231205094658.0 | ||
| 007 | ta | ||
| 008 | 230509b bl.|||p| |||| 00| 00por d | ||
| 040 |
_aBR-BrBNA _bpor _cBiblioteca Nacional de Agricultura |
||
| 041 | _a(Pt) | ||
| 072 | _aH10 | ||
| 100 | 1 | _aGrellimann, E.V. | |
| 100 | 1 | _aLoeck, A.E. | |
| 100 | 1 | _aSalles, L.A.B. | |
| 100 | 1 | _aFachinello, J.C. | |
| 245 | 1 | _aCiclo evolutivo de Grapholita molestra (Busck, 1916)(Lepidoptera - Olethreutidae)em diferentes temperaturas | |
| 650 | _aPessego | ||
| 650 | _aMariposa Oriental | ||
| 650 | _aPraga de Planta | ||
| 650 | _aRio Grande do Sul | ||
| 773 | 0 |
_tRevista Brasileira de Fruticultura (Brazil) _x _g(1991), v. 13(4) p. 21-26 _wBR9601340 |
|
| 909 |
_a202311 _bLúcia _c55 _dLúcia Elande |
||
| 942 |
_2AGRIS _n0 _cANA |
||
| 999 |
_c146094 _d146094 |
||